チェーン店カラオケのない市 - Statistics

General Stats
  • This quiz has been taken 99 times
  • The average score is 135 of 284
Answer Stats
都道府県 Answer
ネットカフェ
(カラオケ有)
% Correct
北海道 夕張市
83%
歌志内市
80%
稚内市
75%
名寄市
75%
赤平市
71%
士別市
68%
芦別市
65%
砂川市
65%
青森県 黒石市
65%
つがる市
65%
宮城県 気仙沼市
64%
秋田県 男鹿市
64%
北秋田市
64%
岩手県 宮古市
63%
久慈市
63%
陸前高田市
63%
釜石市
63%
伊達市
63%
南房総市
63%
三笠市
61%
石狩市
61%
大船渡市
61%
にかほ市
61%
遠野市
60%
二戸市
60%
白石市
60%
栗原市
60%
尾花沢市
60%
福島県 相馬市
60%
平川市
59%
花巻市 快活CLUB
59%
村山市
59%
那須烏山市
59%
千葉県 勝浦市
59%
八幡平市
57%
滝沢市
57%
湯沢市
57%
仙北市
57%
上山市
57%
北杜市
57%
輪島市
56%
珠洲市
56%
鳥取県 倉吉市
56%
境港市
56%
美唄市
55%
山形県 寒河江市
55%
南陽市
55%
埼玉県 秩父市 自遊空間
55%
鴨川市
55%
大網白里市
55%
南砺市
55%
岐阜県 高山市
55%
東松島市
53%
富谷市
53%
鹿角市
53%
長井市
53%
いすみ市
53%
黒部市
53%
飛騨市
53%
御坊市
53%
三好市
53%
土佐市
53%
土佐清水市
53%
茨城県 常陸太田市
52%
富津市
52%
神奈川県 南足柄市
52%
小矢部市
52%
勝山市
52%
三重県 尾鷲市
52%
熊野市
52%
米原市
52%
丹波篠山市
52%
安芸高田市
52%
東かがわ市
52%
岩沼市
51%
かすみがうら市
51%
つくばみらい市
51%
魚沼市
51%
南魚沼市
51%
富山県 氷見市
51%
福井県 小浜市
51%
あわら市
51%
上野原市
51%
飯山市
51%
静岡県 下田市
51%
御前崎市
51%
宮津市
51%
京丹後市
51%
兵庫県 洲本市
51%
丹波市
51%
南あわじ市
51%
淡路市
51%
島根県 益田市
51%
山陽小野田市
51%
高知県 室戸市
51%
本宮市
49%
石川県 七尾市 フリークス
49%
山梨県 都留市
49%
甲州市
49%
郡上市
49%
下呂市
49%
北名古屋市 亜熱帯
49%
みよし市
49%
志摩市 コミックバスター
49%
滋賀県 長浜市 アットタイム
49%
高島市
49%
京都府 舞鶴市
49%
向日市 快活CLUB
49%
宍粟市
49%
和歌山県 海南市
49%
田村市
48%
高萩市
48%
東京都 狛江市
48%
十日町市
48%
射水市
48%
中央市
48%
伊豆市
48%
牧之原市
48%
新城市
48%
いなべ市
48%
野洲市
48%
泉南市
48%
赤穂市
48%
加西市
48%
加東市
48%
たつの市
48%
奈良県 桜井市
48%
五條市
48%
美祢市
48%
安芸市
48%
稲敷市
47%
日高市
47%
あきる野市
47%
滑川市
47%
かほく市 アプレシオ
47%
能美市
47%
長野県 駒ヶ根市
47%
南丹市
47%
養父市
47%
宇陀市
47%
有田市
47%
大田市
47%
高梁市
47%
瀬戸内市
47%
広島県 竹原市
47%
阿南市
47%
三豊市
47%
西予市
47%
宿毛市
47%
対馬市
47%
小美玉市
45%
山武市
45%
大町市
45%
東御市
45%
美濃市
45%
瑞浪市
45%
恵那市
45%
愛西市
45%
鳥羽市
45%
大阪府 泉佐野市
45%
河内長野市
45%
安来市
45%
江津市
45%
庄原市
45%
大竹市
45%
江田島市
45%
徳島県 鳴門市
45%
愛媛県 伊予市
45%
東温市
45%
須崎市
45%
壱岐市
45%
阿蘇市
45%
沖縄県 石垣市 コミックバスター
45%
吉川市
44%
白井市
44%
新潟県 小千谷市
44%
見附市
44%
胎内市
44%
裾野市
44%
守山市 アットタイム
44%
栗東市 快活CLUB
44%
木津川市
44%
相生市
44%
御所市
44%
雲南市
44%
真庭市
44%
美作市
44%
府中市
44%
廿日市市
44%
香川県 さぬき市
44%
香美市
44%
上天草市
44%
大分県 津久見市
44%
えびの市
44%
奄美市
44%
栃木県 矢板市
43%
幸手市 快活CLUB
43%
山県市
43%
海津市
43%
菊川市
43%
長久手市 快活CLUB
43%
亀山市
43%
亀岡市
43%
城陽市
43%
生駒市
43%
新見市
43%
香南市
43%
鹿島市
43%
長崎県 平戸市
43%
雲仙市
43%
豊後高田市
43%
宮古島市 コミックバスター
43%
塩尻市
41%
清須市
41%
四條畷市
41%
高砂市 快活CLUB
41%
岡山県 笠岡市
41%
備前市
41%
赤磐市
41%
美馬市
41%
西海市
41%
国東市
41%
宮崎県 日向市
41%
鹿児島県 枕崎市
41%
西之表市
41%
南九州市
41%
豊見城市
41%
行方市
40%
阿賀野市
40%
瑞穂市 快活CLUB
40%
岩倉市
40%
日進市
40%
高石市
40%
阿波市
40%
うきは市
40%
嬉野市
40%
水俣市 カラオケバスター
40%
指宿市
40%
愛知県 碧南市
39%
松原市
39%
芦屋市
39%
葛城市 快活CLUB
39%
浅口市
39%
山口県 下松市
39%
福岡県 柳川市
39%
八女市
39%
豊前市
39%
松浦市
39%
豊後大野市
39%
白岡市
37%
笛吹市
37%
柏原市
37%
那珂川市
37%
佐賀県 多久市
37%
熊本県 荒尾市
37%
宇土市 快活CLUB
37%
竹田市
37%
由布市
37%
串間市
37%
曽於市
37%
南さつま市
37%
志布志市
37%
本巣市
36%
井原市
36%
筑後市
36%
大川市
36%
宮若市
36%
垂水市
36%
いちき串木野市
36%
南城市
36%
朝倉市
35%
神埼市
35%
西都市
35%
日置市
35%
菊池市
33%
合志市
33%
伊佐市
33%
古賀市
32%
嘉麻市
32%
玉名市
32%
山鹿市
32%
小郡市
31%
みやま市
31%
阿久根市
31%
No matching quizzes found
Score Distribution
Percent of People with Each Score
Percentile by Number Answered
Your Score History
You have not taken this quiz